000 00527ntaaa2200181 4500
003 01
005 20251027202527.0
008 0714s1973 ag 01
040 _aAR-BaBN
_bspa
_cAR-BaBN
_eaacr
_dRIC
082 _a270.6000 P96
100 _aPuigblanch, D. Antonio
_924227
245 _aThe Inauisition unmasked: Being an historical and philosophical account of that tremendous tribunal.
250 _a1 ed.
260 _aLondon :
_bbaldwin, Cradock, and Joy,
_c1816
300 _as/d
500 _a2 tomos en uno
942 _cBK
999 _c20286
_d20286